Postavenie názorových vodcov v procese nákupného rozhodovania spotrebiteľa inauguračná prednáška

Gespeichert in:
Bibliographische Detailangaben
1. Verfasser: Žák, Štefan, 1971-
Körperschaft: Ekonomická univerzita v Bratislave. Obchodná fakulta
Format: Buch
Sprache:Slowakisch
Veröffentlicht: Bratislava Vydavateľstvo EKONÓM 2022
Ausgabe:1. vydanie
Schlagworte:
Tags: Tag hinzufügen
Keine Tags, Fügen Sie das erste Tag hinzu!

MARC

LEADER 00000nam a2200000 4500
001 0287843
005 20240306142026.4
020 |a 978-80-225-4959-2 
041 0 |a slo 
044 |a SK 
245 1 0 |a Postavenie názorových vodcov v procese nákupného rozhodovania spotrebiteľa  |b inauguračná prednáška  |c Štefan Žák 
250 |a 1. vydanie 
264 1 |a Bratislava  |b Vydavateľstvo EKONÓM  |c 2022 
300 |a 100 s. 
610 2 0 |a správanie spotrebiteľa 
610 2 0 |a rozhodovanie 
610 2 0 |a vodcovstvo 
610 2 0 |a influencer marketing 
100 1 |a Žák, Štefan, 1971- 
710 2 |a Ekonomická univerzita v Bratislave. Obchodná fakulta